| 000 | 00729nam a2200193 a 4500 | ||
|---|---|---|---|
| 001 | 000044332 | ||
| 005 | 20201002045311.0 | ||
| 008 | 140617s2008 dr 000 0 spa d | ||
| 020 | _a9789945130997 | ||
| 040 |
_aDO-SdBNP _bspa _cBNPHU |
||
| 082 |
_axxxxxx _bxxxxxx |
||
| 100 | 1 |
_aSánchez, Susana _92135 |
|
| 245 | 1 | 0 |
_aQuisqueya cuenta su historia y celebra su fe : _bPuerto Plata y Samaná cunas del protestantismo dominicano y caribeño / _cSusana Sánchez. |
| 260 |
_aSanto Domingo : _bMediabyte, _c2008. |
||
| 300 |
_av. ; _c23 cm. |
||
| 500 | _aIncluye datos biográficos de la autora en las solapas | ||
| 504 | _aIncluye referencias bibliográficas y notas al pie de las páginas | ||
| 504 | _aBibliografías : p. 449-463 | ||
| 999 |
_c43821 _d43821 |
||